| 000 | 00395nam a22001577a 4500 | ||
|---|---|---|---|
| 003 | OSt | ||
| 008 | 250108b |||||||| |||| 00| 0 eng d | ||
| 020 | _a9781259028564 | ||
| 082 |
_a621.392 _bHAY/CO |
||
| 100 |
_aJohn P Hayes _96891 |
||
| 245 | _aComputer architecture and organization / | ||
| 250 | _a3rd ed. | ||
| 260 |
_aNew Delhi : _bTata McGraw Hill, _c2012 |
||
| 300 | _a604 | ||
| 942 | _cBK | ||
| 999 |
_c13813 _d13813 |
||